000 01386nam0a22002771 4500
001 rc\4695176
005 20130416210833.0
021 _aRU
_bРг6833-60
035 _a(NLR Aleph) 008429975
090 _a9411060
_c9411060
100 _a20130416d1960 |||y0rusy50 ca
101 0 _arus
102 _aRU
105 _aa z |||||
200 1 _aПромышленная энергетика
_eСборник статей по проектированию, наладке и эксплуатации энергоустановок на предприятиях черной металлургии
_fПод ред. С.Б. Юшкова
_gМ-во строительства РСФСР. Главпроектмонтажавтоматика. Трест "Энергочермет". Центр. производств.-техн. предприятие по проектированию, наладке, монтажу и ремонту энергоустановок Центроэнергочермет
205 _a2-е изд.
210 _aМосква
_cЦБТИ
_d1960
215 _a106 с.
_cил.
_d30
300 _aОтпеч. множит. аппаратом
702 1 _aЮшков
_bС. Б.
_4340
712 0 2 _a"Центроэнергочермет" (Москва)
801 0 _aRU
_bNLR
_gpsbo
801 1 _aRU
_bELAR
_2rusmarc
852 _aNLR
_j60-8/2520
942 _cBOOK
980 _aNB